LEADER 01669nam 2200421 450 001 000004364 005 20090327120903.0 010 $a88-02-05403-7 100 $a20020429d1998----km-y0itay0103----ba 101 0 $aita 102 $aIT 200 1 $aIndustrie agrarie$eolearia, enologica, lattiero-casearia$fVito Sciancalepore 210 $aTorino$cUTET$dc1998 215 $aXIX, 746 p.$cill.$d25 cm. 606 $aAziende agrarie 606 $aIndustria agricola 676 $a630$v(20. ed.)$9Agricoltura e tecnologie connesse 676 $a338.1$v(20. ed.)$9Produzione. Agricoltura 700 1$aSciancalepore,$bVito$0358192 801 0$aIT$bUniversità della Basilicata - B.I.A.$gRICA$2unimarc 912 $a000004364 996 $aIndustrie agrarie$973590 997 $aUNIBAS BAS $aAGRARIA CAT $aTORRE$b20$c20000428$lBAS01$h1252 CAT $c20000920$lBAS01$h1832 CAT $c20001010$lBAS01$h1635 CAT $aTORRE$b20$c20020429$lBAS01$h1350 CAT $c20050601$lBAS01$h1753 CAT $abatch$b01$c20050718$lBAS01$h1048 CAT $c20050718$lBAS01$h1107 CAT $c20050718$lBAS01$h1137 CAT $c20050718$lBAS01$h1151 CAT $aTTM$b30$c20090327$lBAS01$h1209 FMT Z30 -1$lBAS01$LBAS01$mBOOK$1BASA2$APolo Tecnico-Scientifico$2DID$BDidattica$3PTS.s3.p19.6$9AGR/91253$691253$5T91253$820000428$f98$FConsultazione Z30 -1$lBAS01$LBAS01$mBOOK$1BASA2$APolo Tecnico-Scientifico$2DID$BDidattica$3PTS.s3.p19.6A$9AGR/91254$691254$5T91254$820000428$f04$FPrestabile Didattica Z30 -1$lBAS01$LBAS01$mBOOK$1BASA4$APolo di Matera$2DID$BDidattica$3MSR$6107890$5T107890$820090327$f98$FConsultazione LEADER 00893nam0-2200313 --450 001 9910368658503321 005 20200205115209.0 010 $a978-88-430-9597-1 100 $a20200205d2019----kmuy0itay5050 ba 101 0 $aita$cita 102 $aIT 105 $a y 105 $a 001yy 200 1 $aChe cos'è la video-estetica$fAlessandro Alfieri 210 $aRoma$cCarocci$d2019 215 $a108 p.$d20 cm 225 1 $a<>bussole$v591 320 $aContiene bibl. (pp.105-108) 610 0 $aVideo art 610 0 $aMusica$aImpiego [della] Video art 676 $a780.285$v23$zita 700 1$aAlfieri,$bAlessandro$f<1982->$0620736 801 0$aIT$bUNINA$gREICAT$2UNIMARC 901 $aBK 912 $a9910368658503321 952 $aCOLLEZ. 1952 (591)$b29/2020$fFSPBC 959 $aFSPBC 996 $aChe cos'è la video-estetica$91577275 997 $aUNINA